| 000 | 00666nam a2200181Ia 4500 | ||
|---|---|---|---|
| 008 | 220216s9999 xx 000 0 und d | ||
| 100 | _aJohn J | ||
| 245 | 0 | _aViscosity behaviour and its influence in natural rubber and synthetic latex processing and product manufacturing systems | |
| 260 | _bIRC 2012. International Rubber Conference, 28-31 October 2012, Kovalam, India, Rubber Research Institute of India, Kottayam and IRRDB, Malaysia: Abstracts. pp.105. | ||
| 650 | _aLatex processing | ||
| 650 | _aProduct manufacturing | ||
| 650 | _aViscosity | ||
| 700 | _aLottmann G | ||
| 700 | _aMatthan R K | ||
| 700 | _aPaul P | ||
| 700 | _aPonce E | ||
| 942 | _cJS | ||
| 999 |
_c72209 _d72209 |
||